<?xml version="1.0" encoding="UTF-8"?>
<record
    xmlns:xsi="http://www.w3.org/2001/XMLSchema-instance"
    xsi:schemaLocation="http://www.loc.gov/MARC21/slim http://www.loc.gov/standards/marcxml/schema/MARC21slim.xsd"
    xmlns="http://www.loc.gov/MARC21/slim">

  <leader>02659nam a2200229Ia 4500</leader>
  <controlfield tag="001">IA_Se presentan recomendaciones de instalaci&#xF3;n y puesta en marcha del equipo. Tambi&#xE9;n se estim&#xF3; el costo de la maquinaria y equipo en  3, 568, 532.4 M.N.   The chemical changes, physical and microbiological in meat causing loss of quality (odour, flavor, texture, etc.) and consequently large economic losses. These changes produced in the flesh are depending on the temperature and the humidity, it is for this reason that the control of these parameters through cooling is currently the most important method of preserving the meat. The present work had the purpose of calculating the requirements of a cold store efficiently and in compliance with the conservation requirements of pork carcasses produced in the municipality of Tlatlauquitepec, Puebla. To prolong the shelf life of the meat and meet the quality requirements for their marketing and later consumption. Under the national legislation and recommendations of the American Association of Engineers in heating, refrigeration and air conditioning (ASHRAE). The capacity of the camera is estimated at 50 tons (625 channels), with dimensions of 28 m long, 26 m wide and 5 m in height, capacity reached in 8 days and a daily flow of entry of 6.25 tonnes (78 channels with an average weight of 80 kg). Under these conditions we calculated a heat load of 15.03 T. R (190320.67 kJ/h) to an internal temperature of the camera of 0&#xB0;C. You selected the refrigeration equipment with evaporation temperature of -5&#xB0;C and condensation 38&#xB0;C, the system was calculated for a system with refrigerant R-404A, resulting in the selection of a condensing unit, evaporator, thermostatic expansion valve (VET), solenoid valve, pipes and accessories. presented recommendations of installation and commissioning of the equipment. It is also estimated the cost of the machinery and equipment in  3, 568, 532.4 M.N</controlfield>
  <controlfield tag="002">CALCULO Y SELECCION DE EQUIPO DE UNA CAMARA FRIGOR</controlfield>
  <controlfield tag="008">220117s    xx            000 0 und d</controlfield>
  <datafield tag="010" ind1=" " ind2=" ">
    <subfield code="a">186136</subfield>
  </datafield>
  <datafield tag="530" ind1=" " ind2=" ">
    <subfield code="a">Disponible en PDF</subfield>
  </datafield>
  <datafield tag="650" ind1=" " ind2=" ">
    <subfield code="a">Carne de cerdo</subfield>
    <subfield code="x">Preservaci&#xF3;n  </subfield>
    <subfield code="9">161326</subfield>
  </datafield>
  <datafield tag="650" ind1=" " ind2=" ">
    <subfield code="a">Carne de cerdo</subfield>
    <subfield code="x">Refrigeraci&#xF3;n  </subfield>
    <subfield code="9">161327</subfield>
  </datafield>
  <datafield tag="650" ind1=" " ind2=" ">
    <subfield code="a">Meat packing plants</subfield>
    <subfield code="9">148502</subfield>
  </datafield>
  <datafield tag="650" ind1=" " ind2=" ">
    <subfield code="a">Plantas empacadoras de carne  </subfield>
    <subfield code="9">148503</subfield>
  </datafield>
  <datafield tag="650" ind1=" " ind2=" ">
    <subfield code="a">Pork</subfield>
    <subfield code="x">Preservation  </subfield>
    <subfield code="9">161328</subfield>
  </datafield>
  <datafield tag="650" ind1=" " ind2=" ">
    <subfield code="a">Pork</subfield>
    <subfield code="x">Refrigeration  </subfield>
    <subfield code="9">161329</subfield>
  </datafield>
  <datafield tag="700" ind1=" " ind2=" ">
    <subfield code="a">Marchand Ortega, Rub&#xE9;n, dir. </subfield>
    <subfield code="9">161330</subfield>
  </datafield>
  <datafield tag="700" ind1=" " ind2=" ">
    <subfield code="a">Mart&#xED;nez Mosqueda, Francisco, asesor </subfield>
    <subfield code="9">163662</subfield>
  </datafield>
  <datafield tag="700" ind1=" " ind2=" ">
    <subfield code="a">Ram&#xED;rez Sep&#xFA;lveda, Marco Favio, asesor</subfield>
    <subfield code="9">163746</subfield>
  </datafield>
  <datafield tag="942" ind1=" " ind2=" ">
    <subfield code="c">TESIS E53 2016</subfield>
  </datafield>
  <datafield tag="999" ind1=" " ind2=" ">
    <subfield code="c">186136</subfield>
    <subfield code="d">186136</subfield>
  </datafield>
</record>
